<?xml version="1.0" encoding="UTF-8"?>
<collection xmlns="http://www.loc.gov/MARC21/slim">
  <record>
    <leader>00000nam  2200000   4500</leader>
    <controlfield tag="001">INLIS000000000047875</controlfield>
    <controlfield tag="005">20200304085944</controlfield>
    <datafield tag="035" ind1="#" ind2="#">
      <subfield code="a">0010-021600000000264</subfield>
    </datafield>
    <controlfield tag="008">200304################g##########0#ger##</controlfield>
    <datafield tag="040" ind1="#" ind2="#">
      <subfield code="a">NBPDMAT</subfield>
    </datafield>
    <datafield tag="082" ind1="#" ind2="#">
      <subfield code="a">158.1</subfield>
    </datafield>
    <datafield tag="090" ind1="#" ind2="#">
      <subfield code="a">158.1</subfield>
      <subfield code="b">Pil d</subfield>
    </datafield>
    <datafield tag="100" ind1="#" ind2="#">
      <subfield code="a">Pilzer, paul zane</subfield>
    </datafield>
    <datafield tag="245" ind1="1" ind2="#">
      <subfield code="a">Die Nachste Billion :</subfield>
      <subfield code="b">Gekurzte passung /</subfield>
      <subfield code="c">Paul zane pilzer</subfield>
    </datafield>
    <datafield tag="260" ind1="#" ind2="#">
      <subfield code="a">Amerika :</subfield>
      <subfield code="b">Lake Dallas,</subfield>
      <subfield code="c">2002</subfield>
    </datafield>
    <datafield tag="300" ind1="#" ind2="#">
      <subfield code="a">Vii,113 Hlm ;</subfield>
      <subfield code="c">15 x 21 Cm</subfield>
    </datafield>
    <datafield tag="650" ind1="#" ind2="4">
      <subfield code="a">Sukses</subfield>
    </datafield>
    <datafield tag="850" ind1="#" ind2="#">
      <subfield code="a">NBPDMAT</subfield>
    </datafield>
    <datafield tag="084" ind1="#" ind2="#">
      <subfield code="a">158.1 PIL d</subfield>
    </datafield>
    <datafield tag="990" ind1="#" ind2="#">
      <subfield code="a">31500686</subfield>
    </datafield>
  </record>
</collection>
